Dongeng² Kutilang (Record no. 87546)

MARC details
000 -LEADER
fixed length control field 00710cam a22002411 4500
001 - CONTROL NUMBER
control field sa 68017153
003 - CONTROL NUMBER IDENTIFIER
control field DLC
005 - DATE AND TIME OF LATEST TRANSACTION
control field 20260227112700.0
008 - FIXED-LENGTH DATA ELEMENTS--GENERAL INFORMATION
fixed length control field 731130s1962 xx 000 0 ind
010 ## - LIBRARY OF CONGRESS CONTROL NUMBER
LC control number sa 68017153
035 ## - SYSTEM CONTROL NUMBER
System control number (OCoLC)752244
040 ## - CATALOGING SOURCE
Original cataloging agency DLC
Transcribing agency OAU
Modifying agency DLC
042 ## - AUTHENTICATION CODE
Authentication code premarc
050 00 - LIBRARY OF CONGRESS CALL NUMBER
Classification number PZ90.I5
Item number D6
245 00 - TITLE STATEMENT
Title Dongeng² Kutilang
Statement of responsibility, etc. [disusun oleh S. Rukiah Kertapati]
260 ## - PUBLICATION, DISTRIBUTION, ETC.
Place of publication, distribution, etc. Djakarta,
Name of publisher, distributor, etc. Jajasan Kebudajaan Sadar
Date of publication, distribution, etc. [1962-
300 ## - PHYSICAL DESCRIPTION
Extent v.
Other physical details illus.
Dimensions 21 cm.
500 ## - GENERAL NOTE
General note Vol. 2 has title: Kumpulan dongeng² Kutilang.
650 #0 - SUBJECT ADDED ENTRY--TOPICAL TERM
Topical term or geographic name entry element Children's stories, Indonesian.
700 1# - ADDED ENTRY--PERSONAL NAME
Personal name Kertapati, S. Rukiah,
Relator term ed.
700 0# - ADDED ENTRY--PERSONAL NAME
Personal name Kutilang.
740 0# - ADDED ENTRY--UNCONTROLLED RELATED/ANALYTICAL TITLE
Uncontrolled related/analytical title Kumpulan dongeng² Kutilang.

No items available.

Powered by Koha